Normal view
MARC view
- Power Electronics
Entry Topical Term
001 - CONTROL NUMBER
- control field: 2000
003 - CONTROL NUMBER IDENTIFIER
- control field: NUST
005 - DATE AND TIME OF LATEST TRANSACTION
- control field: 20170606110201.0
008 - FIXED-LENGTH DATA ELEMENTS
- fixed length control field: 170606|| aca||aabn | a|a d
040 ## - CATALOGING SOURCE
- Original cataloging agency: NUST
- Transcribing agency: NUST
150 ## - HEADING--TOPICAL TERM
- Topical term or geographic name entry element: Power Electronics
670 ## - SOURCE DATA FOUND
- Source citation: Work cat.: (NUST)23717: P.C.Sen 1999, Principles of Electric Machines and Power Electronics , c2001
